|
|
|
|
| LEADER |
00000nab a2200000 a 4500 |
| 001 |
vtls000805653 |
| 003 |
SK-MaSNL |
| 005 |
20260304224923.0 |
| 008 |
250429c2002 xo 0 slo |
| 015 |
|
|
|a SNBRB2002/10-30102
|
| 035 |
|
|
|a CLN000157308
|
| 035 |
|
|
|a urn:nbn:sk:snk-abof4
|
| 035 |
|
|
|a (urnnbn)urn:nbn:sk:snk:ar-a05lho
|
| 035 |
|
|
|a (uuid)89e6bf32-2621-4b34-a498-197dac1b7850
|
| 040 |
|
|
|a SNKBUCL
|b slo
|c SNKBUCL
|e AACR2
|
| 041 |
0 |
|
|a slo
|
| 044 |
|
|
|a xo
|c SK
|
| 080 |
|
|
|a 616.69-008.1:616.832-004.2
|2 1997
|
| 100 |
1 |
|
|a Klímová, Eleonóra,
|d 1954-
|4 ivr
|4 aut
|9 169749
|
| 245 |
1 |
0 |
|a Na slovíčko, pán doktor ...
|c E. Klímová, Martin Hrivňák
|
| 650 |
0 |
7 |
|a erekcia penisu
|2 snkbucl
|9 1066895
|
| 650 |
0 |
7 |
|a roztrúsená skleróza
|2 snkbucl
|9 117925
|
| 650 |
0 |
7 |
|a poruchy sexuálne
|2 snkbucl
|9 1448417
|
| 650 |
0 |
7 |
|a farmakoterapia
|2 snkbucl
|9 14158
|
| 650 |
0 |
7 |
|a protézy a implantáty
|2 snkbucl
|9 1074659
|
| 655 |
|
7 |
|a články z novín a časopisov
|2 snkbucl
|9 267496
|
| 700 |
1 |
|
|a Hrivňák, Martin
|4 ive
|4 aut
|9 695984
|
| 773 |
0 |
|
|t Nádej
|g Roč. 3, č. 2 (2002), s. 4-5
|x 1335-6143
|
| 850 |
|
|
|a Slovenská národná knižnica
|
| 852 |
|
|
|a Slovenská národná knižnica
|
| 954 |
|
|
|a odborná, vedecká literatúra pôvodná (slovenská)
|2 lita
|
| 958 |
|
|
|a article27
|
| 958 |
|
|
|a MI
|
| 958 |
|
|
|a OND
|
| 958 |
|
|
|a EUIPO
|
| 999 |
|
|
|c 3174813
|d 3176743
|